000 03145cam a22006494i 4500
001 u47001
003 PE-LiUPU
005 20250731173335.0
008 171024s2007 pe r 000 0 spa d
020 _a9509942553
020 _a9789509942554
035 _a(Sirsi) i9789509942554
040 _aPE-LiUPU
_bspa
_dPE-LiUPU
_erda
049 _aPRUA
082 0 4 _a241.667
_bN94
_220
082 0 4 _a176.5
_bN94
_220
100 1 _aNúñez, Miguel Ángel,
_eautor.
245 1 0 _aTelarañas de seducción :
_ben las redes de la pornografía /
_cMiguel Ángel Núñez.
264 1 _aLima :
_bFortaleza Ediciones,
_c2007.
300 _a117 páginas ;
_c21 centímetros.
336 _atext
_2rdacontent
337 _aunmediated
_2rdamedia
338 _avolume
_2rdacarrier
490 0 _aPasaje a la vida
505 0 _aPornografía y libertad -- Consecuencias -- El lado oscuro de la pornografía -- El verdadero rostro del amor -- Causas del consumo de pornografía -- ¿Que hacer para prevenir? -- ¿Qué hacer para curar? -- Conclusión.
526 _aSEG42
526 _aSEG41
526 _aSEG40
526 _aSEG39
526 _aP94
526 _aP87
526 _aP86
526 _aP85
526 _aP77
526 _aP76
526 _aP35
650 0 4 _aAdventistas del séptimo día
_xConsejos, reflexiones, etc.
650 0 4 _aExplotación sexual
_vEnsayos, conferencias, etc.
650 0 4 _aPornografía.
910 _acce
_bjcv
_c20171024
910 _abgr
_bjpc
_cjpc
_d20190829
942 _2ddc
_cBOOK
994 _aC0
_bPEPRU
596 _a1 2 4
999 _a241.667 N94 2015
_wDEWEY
_c49098
_i59539
_d49098
_e2019-10-10
_f2021-11-11
_g5
_lCCODEBUL1
_mBUL
_n3
_p10.00
_q1
_r0
_sY
_tBOOK
_u2016-8-22
_xTEOLOGIA
_PP35
_0COMPRA
_o.STAFF. Colección Teología
999 _a241.667 N94 2015
_wDEWEY
_c4
_i80459
_lCRAI-HOUSE
_mBUL
_p10.00
_r0
_sY
_tBOOK
_u2019-8-29
_xUNKNOWN
_zUNKNOWN
_0DONACION
_o.STAFF. Colección General
999 _a241.667 N94 2015
_wDEWEY
_c5
_i80460
_lCRAI-HOUSE
_mBUL
_p10.00
_r0
_sY
_tBOOK
_u2019-8-29
_xUNKNOWN
_zUNKNOWN
_0DONACION
_o.STAFF. Colección General
999 _a241.667 N94 2015
_wDEWEY
_c6
_i80461
_lCRAI-HOUSE
_mBUL
_p10.00
_r0
_sY
_tBOOK
_u2019-8-29
_xUNKNOWN
_zUNKNOWN
_0DONACION
_o.STAFF. Colección General
999 _a176.5 N94 2007
_wDEWEY
_c1
_iFT01085
_lCCODEBUT1
_mBUT
_p10.00
_r0
_sY
_tBOOK
_u2015-11-18
_xBIBLIOTECA
_zUNKNOWN
_0DONACION
_o.STAFF. Colección General
999 _a176.5 N94 2007
_wDEWEY
_c2
_iFT03383
_f2019-2-20
_g1
_lCCODEBUT1
_mBUT
_p5.00
_r0
_sY
_tBOOK
_u2017-10-24
_xSALUD
_PP33
_0DONACION
999 _a176.5 N94 2007
_wDEWEY
_c1
_iCW42255
_f2021-12-22
_g2
_lCCODECWL1
_mBWL
_p10.00
_r0
_sY
_tBOOK
_u2015-10-20
_xWHITE
_zUNKNOWN
_0COMPRA
_o.STAFF. Centro White
999 _a176.5 N94 2007
_wDEWEY
_c2
_iCW42254
_f2021-12-22
_g2
_lCCODECWL1
_mBWL
_p10.00
_r0
_sY
_tBOOK
_u2015-10-20
_xWHITE
_zUNKNOWN
_0COMPRA
_o.STAFF. Centro White
980 _81
_gALBERTO SANCHEZ Responsable de Automatización